ANY South American Metro A-Z Quiz Stats

 Plays Quiz Updated Mar 17, 2015

Challenge
Share
Tweet
Embed
Score 0/15 Timer 05:00
0 Plays Today
Letter Metros % Correct
BBuenos Aires, Bogotá, Belo Horizonte...
97.9%
LLima, La Paz
92%
SSão Paulo, Santiago, Salvador...
91.6%
CCaracas, Curitiba, Campinas...
88.5%
QQuito
83.3%
RRio de Janeiro, Recife, Rosario
83%
MMedellín, Maracaibo, Manaus...
82.5%
AAsunción
65.9%
Letter Metros % Correct
VValencia, Vitória, Valparaíso
32.1%
GGuayaquil, Goiânia
31.2%
FFortaleza
28%
PPorto Alegre
25.8%
NNatal
15.3%
JJoão Pessoa
4.5%
TTeresina
3.9%

You're not logged in!

Compare scores with friends on all Sporcle quizzes.
OR
Log In

You Might Also Like...

Show Comments

Extras

Top Quizzes Today


Score Distribution

Your Account Isn't Verified!

In order to create a playlist on Sporcle, you need to verify the email address you used during registration. Go to your Sporcle Settings to finish the process.

Report this User

Report this user for behavior that violates our Community Guidelines.

Details: